000 00604cam a2200205 a 4500
001 4034898
005 20251122155021.0
008 980714s1999 caua b 001 0 eng
020 _a0534954030
_qalk. paper
020 _a9780534954031
_q(alk. paper)
050 0 0 _aTA775
_b.D227 1999
082 0 0 _a624.1/5
_221
100 1 _aDas, Braja M.,
_d1941-
245 1 0 _aPrinciples of foundation engineering /
_cBraja M. Das.
250 _a4th ed.
260 _aPacific Grove, Calif. :
_bPWS Pub.,
_cc1999.
300 _axvii, 862 p. :
_bill. ;
_c24 cm.
650 0 _aFoundations.
942 _2lcc
_cBK
_e4th ed.
_n0
999 _c8345
_d8345